| 000 | 01399cam a2200373 4500 | ||
|---|---|---|---|
| 999 |
_c200443212 _d61424 |
||
| 001 | 679713 | ||
| 003 | TR-AnTOB | ||
| 005 | 20240824073709.0 | ||
| 007 | ta | ||
| 008 | 210824s1972 fr b 000 0 eng d | ||
| 010 | _a72171959 | ||
| 015 | _aB72-09683 | ||
| 020 | _a0119205459 | ||
| 040 |
_aDLC _beng _erda _cDLC _dEEM _dUtOrBLW _dTR-AnTOB |
||
| 041 | 0 |
_aeng _bfre |
|
| 050 |
_aHE333 _b.O74 1972 |
||
| 090 |
_aTOBBK HE333 _b.O74 1972 |
||
| 099 | _a625.794 ORG 1972 | ||
| 110 | 2 |
_aOrganisation for Economic Co-operation and Development _0http://id.loc.gov/authorities/names/n79045354. _933753 |
|
| 245 | 1 | 0 |
_aArea traffic control systems : _ba report / _cprepared by an O.E.C.D. road research group. |
| 264 | 1 |
_aParis : _bOrganisation for Economic Co-operation and Development ; _a[London] : _b[H.M.S.O.], _c1972. |
|
| 300 |
_a69 pages ; _c27 cm |
||
| 336 |
_atext _btxt _2rdacontent. |
||
| 337 |
_aunmediated _bn _2rdamedia. |
||
| 338 |
_avolume _bnc _2rdacarrier. |
||
| 490 | 1 | _aRoad research. | |
| 500 | _aAbstracts in French. | ||
| 650 | 0 |
_aTraffic engineering _0http://id.loc.gov/authorities/subjects/sh85136766. _9130817 |
|
| 650 | 0 |
_aTraffic signs and signals _0http://id.loc.gov/authorities/subjects/sh85136778. _9132327 |
|
| 830 | 0 |
_aRoad research. _0http://id.loc.gov/authorities/names/n42036943. |
|
| 942 |
_2z _cBK |
||